Pink Floyd Albums - Statistics

General Stats
  • This quiz has been taken 3,208 times
  • The average score is 11 of 15
Answer Stats
Hint Answer % Correct
1973 The Dark Side of the Moon
98%
1979 The Wall
97%
1975 Wish You Were Here
92%
1977 Animals
90%
1994 The Division Bell
78%
1971 Meddle
76%
1970 Atom Heart Mother
71%
1969 Ummagumma
71%
1983 The Final Cut
70%
1967 The Piper at the Gates of Dawn
69%
2014 The Endless River
58%
1987 A Momentary Lapse of Reason
57%
1968 A Saucerful of Secrets
56%
1969 More
54%
1972 Obscured by Clouds
54%
No matching quizzes found
Score Distribution
Percent of People with Each Score
Percentile by Number Answered
Your Score History
You have not taken this quiz